000 01515nam0a22003251 4500
001 rc\2302167
005 20260408083154.0
035 _a(NLR Aleph) 006570289
090 _a6937485
_c6937485
100 _a20110829d1977 |||y0rusy50 ca
101 0 _arus
102 _aRU
105 _aa z |||||
200 1 _aВлияние прогресса в области полупроводниковых приборов на развитие энергетической электроники
_fВ.А. Лабунцов, д. т. н., проф., О.Г. Булатов, к. т. н., доц., И.В. Грехов, д. ф.-м. н.
210 _a[Москва]
_cБ. и.
_d1977
215 _a12 с.
_cил.
_d21
225 1 _aВсемирный электротехнический конгресс ВЭЛК. 21-25 июня 1977. Москва. Секция 6. Доклад
_v25
309 _aБез тит. л. и обл.
320 _aБиблиогр.: с. 10
700 1 _aЛабунцов
_bВ.А.
_gВладимир Александрович
701 1 _aГрехов
_bИ.В.
_gИгорь Всеволодович
701 1 _aБулатов
_bО.Г.
_gОлег Георгиевич
712 1 2 _aВсемирный электротехнический конгресс
_eМосква
_f1977
_9827760
_3RU\NLR\AUTH\8810165874
801 0 _aRU
_bNLR
_gpsbo
801 1 _aRU
_bELAR
_2rusmarc
852 _aNLR
_j77-6/5698
899 _aRuMoRGB
_jБ 77-17/63
899 _aRuMoRGB
_jБ 77-17/65
942 _cBOOK
980 _aNB